| 000 | 00833nam a2200205 a 4500 | ||
|---|---|---|---|
| 005 | 20160123130223.0 | ||
| 008 | 160108b2002 ck a gr|||| 00| 0 spa d | ||
| 040 |
_aCO-BoIAVH _cCO-BoIAVH |
||
| 041 | 0 | _aspa | |
| 044 | _ack | ||
| 090 |
_aEA _b00020 |
||
| 110 | 2 | _bCorporación Nacional de Investigación y Fomento Forestal | |
| 245 | 1 |
_aMejores semillas mejores plantaciones _cCorporación Nacional de Investigación y Fomento Forestal , Corporación autónoma Regional del Cauca |
|
| 260 |
_aBogotá : _bCorporación Nacional de Investigación y Fomento Forestal : _bCorporación autónoma Regional del Cauca, _c2002. |
||
| 300 |
_a28 páginas : _bIlustraciones ; _c14 x 22 cm. |
||
| 650 | 6 | _aSemillas | |
| 650 | 6 | _aEducación | |
| 710 | 2 | _aCorporación Autónoma Regional del Cauca | |
| 942 |
_cFolleto _2z |
||
| 999 |
_c4459 _d4459 |
||